Normal view
MARC view
- MADAN, ARUN,SHAN, M. P
Entry Personal Name
001 - CONTROL NUMBER
- control field: 58888
003 - CONTROL NUMBER IDENTIFIER
- control field: NUST
005 - DATE AND TIME OF LATEST TRANSACTION
- control field: 20210628202229.0
008 - FIXED-LENGTH DATA ELEMENTS
- fixed length control field: 210628|| aca||aabn | a|a d
040 ## - CATALOGING SOURCE
- Original cataloging agency: NUST
- Transcribing agency: NUST
100 ## - HEADING--PERSONAL NAME
- Personal name: MADAN, ARUN,SHAN, M. P
670 ## - SOURCE DATA FOUND
- Source citation: Work cat.: (NUST): MADAN, ARUN,SHAN, M. P, THE PHYSICS ANF APPLICATION OF AMORPHOUS SEMICONDUCTORS, 1988
